000 00337cam a22001217a 4500
008 180718b1979 xxu||||| |||| 00| 0 eng d
082 _aF5x54 M698
100 _aMitra, Ashok
245 _aHoodlum years
_cby Ashok Mitra
260 _aNew Delhi
_bOrient Longman
_c1979
300 _a186p.
650 _aIndia --Politics and government --1947-
999 _c349173
_d349173